<?xml version="1.0" encoding="UTF-8"?>
<record
    xmlns:xsi="http://www.w3.org/2001/XMLSchema-instance"
    xsi:schemaLocation="http://www.loc.gov/MARC21/slim http://www.loc.gov/standards/marcxml/schema/MARC21slim.xsd"
    xmlns="http://www.loc.gov/MARC21/slim">

  <leader>01750nam a2200253 a 4500</leader>
  <controlfield tag="001">000000736</controlfield>
  <controlfield tag="005">20250621074003.0</controlfield>
  <controlfield tag="008">090429s2002    dr d          000 0 spa d</controlfield>
  <datafield tag="020" ind1=" " ind2=" ">
    <subfield code="a">9993480428</subfield>
  </datafield>
  <datafield tag="020" ind1=" " ind2=" ">
    <subfield code="a">9789993480426</subfield>
  </datafield>
  <datafield tag="040" ind1=" " ind2=" ">
    <subfield code="a">DO-SdBNP</subfield>
    <subfield code="b">spa</subfield>
    <subfield code="c">BNPHU</subfield>
  </datafield>
  <datafield tag="082" ind1=" " ind2=" ">
    <subfield code="a">328.7293</subfield>
    <subfield code="b">C965d</subfield>
  </datafield>
  <datafield tag="100" ind1="1" ind2=" ">
    <subfield code="a">Cueto Villam&#xE1;n, Francisco</subfield>
    <subfield code="9">2507</subfield>
  </datafield>
  <datafield tag="245" ind1="1" ind2="0">
    <subfield code="a">Diputados y diputadas de Rep&#xFA;blica Dominicana :</subfield>
    <subfield code="b">actitudes, valores y percepciones pol&#xED;ticas /</subfield>
    <subfield code="c">Francisco Cueto Villam&#xE1;n ; Manuel Alc&#xE1;ntara S&#xE1;ez.</subfield>
  </datafield>
  <datafield tag="260" ind1=" " ind2=" ">
    <subfield code="a">Santo Domingo :</subfield>
    <subfield code="b">Centro de Estudios Sociales P. Juan Montalvo,</subfield>
    <subfield code="c">2002.</subfield>
  </datafield>
  <datafield tag="300" ind1=" " ind2=" ">
    <subfield code="a">112 p. :</subfield>
    <subfield code="b">gr&#xE1;f. ;</subfield>
    <subfield code="c">23 cm.</subfield>
  </datafield>
  <datafield tag="505" ind1="0" ind2=" ">
    <subfield code="t">Presentaci&#xF3;n --</subfield>
    <subfield code="g">Cap&#xED;tulo 1.--</subfield>
    <subfield code="t">Estructura de los datos --</subfield>
    <subfield code="t">Ficha t&#xE9;cnica --</subfield>
    <subfield code="g">Cap&#xED;tulo 2.--</subfield>
    <subfield code="t">La C&#xE1;mara de Diputados --</subfield>
    <subfield code="t">Indicadores sociodemogr&#xE1;ficos --</subfield>
    <subfield code="t">Cap&#xED;tulo 4.--</subfield>
    <subfield code="t">Actitudes religiosas e identificaci&#xF3;n ideol&#xF3;gica --</subfield>
    <subfield code="t">Cap&#xED;tulo 5.--</subfield>
    <subfield code="t">Socializaci&#xF3;n y profesionalizaci&#xF3;n pol&#xED;tica --</subfield>
    <subfield code="t">Cap&#xED;tulo 6.--</subfield>
    <subfield code="t">Motivaciones y actitudes hacia la vida parlamentaria --</subfield>
    <subfield code="g">Cap&#xED;tulo 7.--</subfield>
    <subfield code="t">Valoraciones y percepciones sobre la democracia --</subfield>
    <subfield code="t">Cap&#xED;tulo 8.--</subfield>
    <subfield code="t">R&#xE9;gimen pol&#xED;tico --</subfield>
    <subfield code="g">Cap&#xED;tulo 9.--</subfield>
    <subfield code="t">Partidos y actividades parlamentarias --</subfield>
    <subfield code="g">Cap&#xED;tulo 10.--</subfield>
    <subfield code="t">Problemas para la gobernabilidad democr&#xE1;tica--</subfield>
    <subfield code="g">Cap&#xED;tulo 11.--</subfield>
    <subfield code="t">Papel de Estado en la econom&#xED;a --</subfield>
    <subfield code="t">Cap&#xED;tulo 12.--</subfield>
    <subfield code="t">Fuerzas Armadas --</subfield>
    <subfield code="g">Cap&#xED;tulo 13.--</subfield>
    <subfield code="t">Pol&#xED;tica internacional.</subfield>
  </datafield>
  <datafield tag="590" ind1=" " ind2=" ">
    <subfield code="a">Inventariado, 2018/BT</subfield>
  </datafield>
  <datafield tag="610" ind1="1" ind2="4">
    <subfield code="a">REP&#xDA;BLICA DOMINICANA.</subfield>
    <subfield code="b">CONGRESO NACIONAL.</subfield>
    <subfield code="b">C&#xC1;MARA DE DIPUTADOS</subfield>
    <subfield code="v">ESTAD&#xCD;STICAS</subfield>
    <subfield code="9">2508</subfield>
  </datafield>
  <datafield tag="650" ind1=" " ind2="4">
    <subfield code="a">Legisladores</subfield>
    <subfield code="z">Rep&#xFA;blica Dominicana</subfield>
    <subfield code="v">ESTAD&#xCD;STICAS</subfield>
    <subfield code="9">2509</subfield>
  </datafield>
  <datafield tag="651" ind1=" " ind2="0">
    <subfield code="a">Rep&#xFA;blica Dominicana</subfield>
    <subfield code="x">Pol&#xED;tica y gobierno</subfield>
    <subfield code="9">45</subfield>
  </datafield>
  <datafield tag="700" ind1="1" ind2="2">
    <subfield code="a">Alc&#xE1;ntara S&#xE1;ez, Manuel</subfield>
    <subfield code="9">2510</subfield>
  </datafield>
  <datafield tag="910" ind1=" " ind2=" ">
    <subfield code="a">Validado. Control de calidad. MFF</subfield>
  </datafield>
  <datafield tag="952" ind1=" " ind2=" ">
    <subfield code="0">0</subfield>
    <subfield code="1">0</subfield>
    <subfield code="5">4</subfield>
    <subfield code="7">5</subfield>
    <subfield code="8">DS</subfield>
    <subfield code="a">BNPHU</subfield>
    <subfield code="b">BNPHU</subfield>
    <subfield code="c">HD</subfield>
    <subfield code="d">2009-08-25</subfield>
    <subfield code="i">LF1</subfield>
    <subfield code="l">0</subfield>
    <subfield code="o">328.7293 C965d</subfield>
    <subfield code="p">736-30</subfield>
    <subfield code="r">2020-06-25</subfield>
    <subfield code="t">e.3</subfield>
    <subfield code="w">2020-06-25</subfield>
    <subfield code="y">LF1</subfield>
    <subfield code="Z">Pr&#xE9;stamo en sala</subfield>
  </datafield>
  <datafield tag="952" ind1=" " ind2=" ">
    <subfield code="0">0</subfield>
    <subfield code="1">0</subfield>
    <subfield code="5">4</subfield>
    <subfield code="7">5</subfield>
    <subfield code="8">DS</subfield>
    <subfield code="a">BNPHU</subfield>
    <subfield code="b">BNPHU</subfield>
    <subfield code="c">HD</subfield>
    <subfield code="d">2009-08-25</subfield>
    <subfield code="i">LF1</subfield>
    <subfield code="l">0</subfield>
    <subfield code="o">328.7293 C965d</subfield>
    <subfield code="p">736-40</subfield>
    <subfield code="r">2020-06-25</subfield>
    <subfield code="t">e.4</subfield>
    <subfield code="w">2020-06-25</subfield>
    <subfield code="y">LF1</subfield>
    <subfield code="Z">Pr&#xE9;stamo en sala</subfield>
  </datafield>
  <datafield tag="952" ind1=" " ind2=" ">
    <subfield code="0">0</subfield>
    <subfield code="1">0</subfield>
    <subfield code="5">4</subfield>
    <subfield code="7">5</subfield>
    <subfield code="8">DS</subfield>
    <subfield code="a">BNPHU</subfield>
    <subfield code="b">BNPHU</subfield>
    <subfield code="c">HD</subfield>
    <subfield code="d">2013-10-29</subfield>
    <subfield code="i">LF1</subfield>
    <subfield code="l">0</subfield>
    <subfield code="o">328.7293 C965d</subfield>
    <subfield code="p">736-50</subfield>
    <subfield code="r">2020-06-25</subfield>
    <subfield code="t">e.5</subfield>
    <subfield code="w">2020-06-25</subfield>
    <subfield code="y">LF1</subfield>
    <subfield code="Z">Pr&#xE9;stamo en sala</subfield>
  </datafield>
  <datafield tag="952" ind1=" " ind2=" ">
    <subfield code="0">0</subfield>
    <subfield code="1">0</subfield>
    <subfield code="7">2</subfield>
    <subfield code="8">PD</subfield>
    <subfield code="a">BNPHU</subfield>
    <subfield code="b">BNPHU</subfield>
    <subfield code="c">HD</subfield>
    <subfield code="d">2009-08-25</subfield>
    <subfield code="i">LF1</subfield>
    <subfield code="l">0</subfield>
    <subfield code="o">328.7293 C965d</subfield>
    <subfield code="p">736-10</subfield>
    <subfield code="r">2020-06-25</subfield>
    <subfield code="w">2020-06-25</subfield>
    <subfield code="y">LF1</subfield>
    <subfield code="Z">No se presta</subfield>
  </datafield>
  <datafield tag="952" ind1=" " ind2=" ">
    <subfield code="0">0</subfield>
    <subfield code="1">0</subfield>
    <subfield code="7">2</subfield>
    <subfield code="8">PD</subfield>
    <subfield code="a">BNPHU</subfield>
    <subfield code="b">BNPHU</subfield>
    <subfield code="c">HD</subfield>
    <subfield code="d">2009-08-25</subfield>
    <subfield code="i">LF1</subfield>
    <subfield code="l">0</subfield>
    <subfield code="o">328.7293 C965d</subfield>
    <subfield code="p">736-20</subfield>
    <subfield code="r">2020-06-25</subfield>
    <subfield code="t">e.2</subfield>
    <subfield code="w">2020-06-25</subfield>
    <subfield code="y">LF1</subfield>
    <subfield code="Z">No se presta</subfield>
  </datafield>
  <datafield tag="999" ind1=" " ind2=" ">
    <subfield code="c">732</subfield>
    <subfield code="d">732</subfield>
  </datafield>
</record>
